Harry Potter Chain Quiz Stats

 Plays Quiz not verified by Sporcle

Score 0/50 Timer 10:00
0 Plays Today
Can you name the characters? Characters % Correct
????
100%
????
89.6%
????
87%
????
84.3%
????
78.8%
????
78.6%
????
77%
????
75.5%
????
65.1%
????
58.3%
????
58%
????
45.7%
????
42.4%
????
41.1%
????
40%
????
40%
????
39.9%
????
39.9%
????
39.9%
????
38.9%
????
38.9%
????
38.9%
????
38%
????
38%
????
37.7%
Can you name the characters? Characters % Correct
????
37.1%
????
30.2%
????
30%
????
30%
????
29.6%
????
29.6%
????
29.4%
????
28.7%
????
28.7%
????
28.7%
????
27.6%
????
22.5%
????
22.3%
????
21.9%
????
21.9%
????
21.8%
????
21.8%
????
21.4%
????
18.3%
????
18.1%
????
18.1%
????
14.8%
????
12.1%
????
11.9%
????
11.9%

You're not logged in!

Compare scores with friends on all Sporcle quizzes.
OR
Log In

Show Comments

Extras

Created Nov 14, 2010ReportNominate
Tags:Harry Potter Quiz, character

Top Quizzes Today


Score Distribution

Your Account Isn't Verified!

In order to create a playlist on Sporcle, you need to verify the email address you used during registration. Go to your Sporcle Settings to finish the process.

Report this User

Report this user for behavior that violates our Community Guidelines.

Details: